| 000 | 00533nam a2200169 4500 | ||
|---|---|---|---|
| 001 | 126194 | ||
| 003 | ES-MaACL | ||
| 005 | 20230906192755.0 | ||
| 007 | t| | ||
| 008 | 070214s1966 sp r ||||1| spa d | ||
| 245 | 0 | 3 |
_aLa religiosa y los ancianos / _cen colaboración S. Exc. Mgr. Paul Gouyon... [et al.] ; [versión por Jesús Areso, S. J.]. |
| 260 |
_aBilbao : _bMensajero, _c1966. |
||
| 300 |
_a182 p. ; _c20 cm. |
||
| 700 | 1 |
_aGouyon, Paul. _959376 |
|
| 700 | 1 |
_aAreso, Jesús. _922637 |
|
| 852 |
_aES-MaACL _jC-31324 _bR.61895 |
||
| 999 |
_c126194 _d126194 |
||